Evaluación del aprendizaje : alternativas y nuevos desarrollos /

Dades bibliogràfiques
Autor principal: López Frías, Blanca Silvia
Altres autors: Hinojosa Kleen, Elsa María
Format: Llibre
Idioma:espanyol
Publicat: México, Distrito Federal : Trillas, Reimpresión de 2003
Matèries:

MARC

LEADER 00000nam a2200000 4500
008 240605b2003 |||a|||| |||| 00| | spa d
020 |a 9682463262 
090 |a 18.09.01  |b 2654 
100 |a López Frías, Blanca Silvia  |9 4903 
245 1 0 |a Evaluación del aprendizaje : alternativas y nuevos desarrollos /   |c Blanca Silvia López Frías, Elsa María Hinojosa Kleen 
260 |a  México, Distrito Federal :   |b Trillas,   |c Reimpresión de 2003 
300 |a 142 páginas;   |b ilustraciones 
650 0 |a EVALUACIÓN   |9 287 
650 0 |a APRENDIZAJE   |9 387 
650 0 |a EDUCACIÓN  |9 1 
650 0 |a METODOLOGÍA  |9 285 
650 0 |a PRUEBAS  |9 629 
700 |a Hinojosa Kleen, Elsa María  |9 4904 
942 |2 z  |c 01  |h 18.09.01  |6 180901 
999 |c 4051  |d 4051